[Event "Prague op-A 15th"]
[Site "Prague"]
[Date "2016.01.08"]
[Round "1"]
[White "Novak, Vaclav"]
[Black "Jacobi, Robin"]
[Result "0-1"]
[WhiteElo "1951"]
[BlackElo "2268"]
[PlyCount "82"]
[EventDate "2016.01.08"]
[EventType "swiss"]
[EventRounds "9"]
[EventCountry "CZE"]
[SourceTitle "CBM 170 Extra"]
[Source "ChessBase"]
[SourceDate "2016.02.25"]
[SourceVersion "1"]
[SourceVersionDate "2016.02.25"]
[SourceQuality "1"]

1. e4 c5 2. Nf3 Nc6 3. d4 cxd4 4. Nxd4 Nf6 5. Nc3 d6 6. Be2 g6 7. Be3 Bg7 8. f3 0-0 9. Qd2 Nxd4 10. Bxd4 Qa5 11. 0-0 Be6 12. Rad1 Rac8 13. f4 Bc4 14. Bxc4 Rxc4 15. Qd3 Rfc8 16. f5 Rxd4 17. Qxd4 Ng4 18. e5 Nxe5 19. f6 Bxf6 20. Rxf6 exf6 21. Qxd6 Kg7 22. Rd5 Qc7 23. Qxc7 Rxc7 24. Kf2 a6 25. Ke2 Ng4 26. Kf3 h5 27. h3 Ne5+ 28. Ke2 h4 29. Rd4 g5 30. Kd1 Rc4 31. Ne2 Rxd4+ 32. Nxd4 Nc4 33. Nf5+ Kg6 34. Ne7+ Kh5 35. Nd5 Nxb2+ 36. Kc1 Nc4 37. Nxf6+ Kg6 38. Nd5 Kf5 39. c3 Ke5 40. Nb4 Ke4 41. Kc2 Ne3+ 0-1

[Event "Vienna Tschaturanga op"]
[Site "Vienna"]
[Date "2014.05.10"]
[Round "6"]
[White "Todor, Razvan"]
[Black "Jacobi, Robin"]
[Result "0-1"]
[WhiteElo "2158"]
[BlackElo "2204"]
[PlyCount "62"]
[EventDate "2014.05.05"]
[EventType "swiss"]
[EventRounds "7"]
[EventCountry "AUT"]
[SourceTitle "CBM 160 Extra"]
[Source "ChessBase"]
[SourceDate "2014.07.01"]
[SourceVersion "1"]
[SourceVersionDate "2014.07.01"]
[SourceQuality "1"]

1. d4 Nf6 2. Nf3 e6 3. Bg5 c5 4. Nc3 cxd4 5. Nxd4 Bb4 6. Ndb5 d5 7. e4 a6 8. e5 axb5 9. exf6 Bxc3+ 10. bxc3 gxf6 11. Bxb5+ Bd7 12. Bxd7+ Nxd7 13. Bh4 Ra4 14. Qh5 Re4+ 15. Kf1 Qc7 16. g3 Qc4+ 17. Kg2 Rg8 18. Qxh7 Kf8 19. Qh6+ Ke7 20. Qh7 Rg6 21. Kh3 Qe2 22. Kg2 Ne5 23. Rab1 Qf3+ 24. Kh3 Ng4 25. Rhf1 Nxf2+ 26. Rxf2 Qxf2 27. g4 Qe3+ 28. Kg2 Rexg4+ 29. Bg3 Rxg3+ 30. hxg3 Rxg3+ 31. Kh2 Qf2+ 0-1

[Event "Vienna Tschaturanga op"]
[Site "Vienna"]
[Date "2014.05.09"]
[Round "5"]
[White "Jacobi, Robin"]
[Black "Karner, Christoph"]
[Result "0-1"]
[WhiteElo "2204"]
[BlackElo "2335"]
[PlyCount "75"]
[EventDate "2014.05.05"]
[EventType "swiss"]
[EventRounds "7"]
[EventCountry "AUT"]
[SourceTitle "CBM 160 Extra"]
[Source "ChessBase"]
[SourceDate "2014.07.01"]
[SourceVersion "1"]
[SourceVersionDate "2014.07.01"]
[SourceQuality "1"]

1. Nf3 Nf6 2. g3 g6 3. b3 Bg7 4. Bb2 c5 5. Bg2 0-0 6. c4 Nc6 7. 0-0 d6 8. d4 d5 9. Nbd2 cxd4 10. Nxd4 Nxd4 11. Bxd4 Be6 12. c5 a5 13. a3 Qd7 14. Re1 Bh3 15. Bh1 Qf5 16. Nf3 Rfe8 17. Nh4 Qh5 18. Bf3 Bg4 19. Bxg4 Qxg4 20. Nf3 Qh3 21. b4 Rad8 22. Ne5 Ne4 23. e3 Nxf2 24. Kxf2 Qxh2+ 25. Kf1 Qxg3 26. Nf3 e5 27. Bb2 e4 28. Nd4 Qh3+ 29. Kf2 Qh2+ 30. Kf1 Qxb2 31. Re2 Qc3 32. Rb1 Bxd4 33. Qxd4 Qxd4 34. exd4 axb4 35. axb4 f5 36. b5 Re7 37. c6 bxc6 38. bxc6 0-1

[Event "Vienna Tschaturanga op"]
[Site "Vienna"]
[Date "2014.05.08"]
[Round "4"]
[White "Wallner, Joachim"]
[Black "Jacobi, Robin"]
[Result "0-1"]
[WhiteElo "2354"]
[BlackElo "2204"]
[PlyCount "76"]
[EventDate "2014.05.05"]
[EventType "swiss"]
[EventRounds "7"]
[EventCountry "AUT"]
[SourceTitle "CBM 160 Extra"]
[Source "ChessBase"]
[SourceDate "2014.07.01"]
[SourceVersion "1"]
[SourceVersionDate "2014.07.01"]
[SourceQuality "1"]

1. Nf3 Nf6 2. b3 g6 3. Bb2 Bg7 4. c4 0-0 5. g3 d5 6. cxd5 Nxd5 7. Bxg7 Kxg7 8. Bg2 a5 9. 0-0 Na6 10. d4 a4 11. bxa4 Bf5 12. Qb3 Nab4 13. a3 Nc6 14. Nbd2 Na5 15. Qb2 Nb6 16. e4 Bd7 17. d5+ Kg8 18. Ne5 Bxa4 19. Ng4 h5 20. Ne3 c5 21. e5 c4 22. Ne4 Nb3 23. d6 e6 24. Rad1 Rc8 25. f4 Nc5 26. Rb1 Nxe4 27. Bxe4 Bc6 28. Bxc6 Rxc6 29. Rfc1 c3 30. Qb4 Qc8 31. Rb3 c2 32. Rb2 Nc4 33. Nxc4 Rxc4 34. Qb5 h4 35. Kg2 Rc3 36. a4 Kg7 37. Qxb7 Qc4 38. Qb6 Qe4+ 0-1

[Event "Oberliga Ost-B 1314"]
[Site "Germany"]
[Date "2014.04.05"]
[Round "10.4"]
[White "Gerhardt, Frank"]
[Black "Jacobi, Robin"]
[Result "1/2-1/2"]
[WhiteElo "2147"]
[BlackElo "2208"]
[PlyCount "66"]
[EventDate "2013.10.13"]
[EventType "team-tourn"]
[EventRounds "11"]
[EventCountry "GER"]
[SourceTitle "EXT 2015"]
[Source "ChessBase"]
[SourceDate "2014.11.20"]
[SourceVersion "1"]
[SourceVersionDate "2014.11.20"]
[SourceQuality "1"]
[WhiteTeam "Liebschwitz"]
[BlackTeam "Erfurt Empor"]
[WhiteTeamCountry "GER"]
[BlackTeamCountry "GER"]

1. e4 c5 2. Nf3 Nc6 3. d4 cxd4 4. Nxd4 Nf6 5. Nc3 d6 6. Bg5 Bd7 7. Qd2 h6 8. Bxf6 gxf6 9. 0-0-0 Nxd4 10. Qxd4 Qa5 11. f4 Rc8 12. Kb1 Qc5 13. Qd3 f5 14. e5 Bg7 15. exd6 Bxc3 16. dxe7 Qxe7 17. bxc3 Rc6 18. Qd4 Rb6+ 19. Ka1 0-0 20. Bc4 Qa3 21. Bb3 Be6 22. Rd3 Kh7 23. c4 Rc8 24. Rg3 Qf8 25. Rd1 Qh8 26. Qxh8+ Kxh8 27. c5 Rxc5 28. Rd8+ Kh7 29. Rdg8 h5 30. R3g7+ Kh6 31. Rg5 Kh7 32. R8g7+ Kh6 33. Rg8 Kh7 1/2-1/2

[Event "Rhein Main op-A 16th"]
[Site "Bad Homburg"]
[Date "2013.06.02"]
[Round "7"]
[White "Schultze, Joerg Martin"]
[Black "Jacobi, Robin"]
[Result "1/2-1/2"]
[WhiteElo "2040"]
[BlackElo "2213"]
[PlyCount "79"]
[EventDate "2013.05.29"]
[EventType "swiss"]
[EventRounds "7"]
[EventCountry "GER"]
[SourceTitle "EXT 2014"]
[Source "ChessBase"]
[SourceDate "2013.11.20"]
[SourceVersion "1"]
[SourceVersionDate "2013.11.20"]
[SourceQuality "1"]

1. d4 Nf6 2. c4 e6 3. Nf3 Bb4+ 4. Bd2 Qe7 5. a3 Bxd2+ 6. Nbxd2 0-0 7. e3 d6 8. Be2 e5 9. dxe5 dxe5 10. e4 Nc6 11. 0-0 Rd8 12. Qc2 Bg4 13. Rad1 Bh5 14. Rfe1 Rd7 15. c5 Bg6 16. Bb5 Nd4 17. Nxd4 Rxd4 18. f3 c6 19. Be2 Nd5 20. Nf1 Nf4 21. Rxd4 exd4 22. b4 Rd8 23. Bd3 h5 24. Qd2 Qe5 25. g3 Nxd3 26. Qxd3 f5 27. Nd2 f4 28. Nc4 Qf6 29. Kg2 fxg3 30. hxg3 h4 31. Nd6 Rf8 32. Rh1 hxg3 33. Rh3 b6 34. Rh1 bxc5 35. bxc5 Bf7 36. e5 Qg6 37. Qxg6 Bxg6 38. e6 Rf6 39. e7 Re6 40. Rd1 1/2-1/2

[Event "Hofheim Spring op-A 1st"]
[Site "Hofheim"]
[Date "2013.04.08"]
[Round "9"]
[White "Buckels, Valentin"]
[Black "Jacobi, Robin"]
[Result "1/2-1/2"]
[WhiteElo "1928"]
[BlackElo "2184"]
[PlyCount "46"]
[EventDate "2013.04.02"]
[EventType "swiss"]
[EventRounds "9"]
[EventCountry "GER"]
[SourceTitle "CBM 153 Extra"]
[Source "ChessBase"]
[SourceDate "2013.04.22"]
[SourceVersion "1"]
[SourceVersionDate "2013.04.22"]
[SourceQuality "1"]

1. d4 Nf6 2. c4 e6 3. g3 Bb4+ 4. Bd2 Qe7 5. Bg2 Nc6 6. Nf3 Bxd2+ 7. Nbxd2 0-0 8. 0-0 d6 9. e4 e5 10. d5 Nb8 11. Ne1 a5 12. Nd3 Na6 13. a3 Bg4 14. f3 Bd7 15. b4 c6 16. Qb3 cxd5 17. cxd5 a4 18. Qa2 Bb5 19. Nc4 Bxc4 20. Qxc4 Rfc8 21. Qb5 Qe8 22. Qxe8+ Nxe8 23. Rfc1 Nac7 1/2-1/2

[Event "Hofheim Spring op-A 1st"]
[Site "Hofheim"]
[Date "2013.04.05"]
[Round "6"]
[White "Jacobi, Robin"]
[Black "Perske, Thore"]
[Result "1-0"]
[WhiteElo "2184"]
[BlackElo "2080"]
[PlyCount "133"]
[EventDate "2013.04.02"]
[EventType "swiss"]
[EventRounds "9"]
[EventCountry "GER"]
[SourceTitle "CBM 153 Extra"]
[Source "ChessBase"]
[SourceDate "2013.04.22"]
[SourceVersion "1"]
[SourceVersionDate "2013.04.22"]
[SourceQuality "1"]

1. Nf3 Nf6 2. g3 g6 3. Bg2 Bg7 4. 0-0 0-0 5. c4 d6 6. Nc3 a6 7. d3 c6 8. a4 a5 9. Bd2 Na6 10. Ne1 e5 11. Nc2 Be6 12. Rb1 Qd7 13. b4 axb4 14. Nxb4 d5 15. cxd5 cxd5 16. Bg5 Nxb4 17. Rxb4 Rfc8 18. Nb5 h6 19. Bxf6 Bxf6 20. d4 e4 21. f3 Be7 22. Rb2 f5 23. Qd2 Bg5 24. f4 Be7 25. Ra1 Rc4 26. a5 Qe8 27. e3 Bd7 28. Nc3 Bc6 29. Bf1 Rb4 30. Nxd5 Rxb2 31. Nxe7+ Qxe7 32. Bc4+ Kh7 33. Qxb2 Qd6 34. Qb6 Qe7 35. d5 Be8 36. d6 Qg7 37. Rd1 Bc6 38. d7 Bxd7 39. Qxb7 Ba4 40. Qxg7+ Kxg7 41. Ra1 Bc6 42. a6 Ra7 43. Rc1 Ba8 44. Bb5 Kh7 45. Rc8 Kg7 46. Kg2 Bd5 47. Rd8 Be6 48. Rb8 Bd5 49. Bc4 Bc6 50. Rc8 Bd7 51. Rb8 Bc6 52. Rb6 Ba8 53. Be6 Rc7 54. Rb8 Rc6 55. Bc8 Rc2+ 56. Kf1 Bd5 57. Bb7 Bc4+ 58. Ke1 Ra2 59. Ra8 Bd3 60. a7 Kh7 61. Kd1 Kg7 62. Rg8+ Kf6 63. a8Q Rxa8 64. Rxa8 g5 65. Ba6 Bb1 66. Bc4 gxf4 67. gxf4 1-0

[Event "Leipzig VfB op 20th"]
[Site "Leipzig"]
[Date "2013.03.09"]
[Round "9"]
[White "Jacobi, Robin"]
[Black "Weber, Benedikt"]
[Result "1-0"]
[WhiteElo "2164"]
[BlackElo "1955"]
[PlyCount "85"]
[EventDate "2013.03.05"]
[EventType "swiss"]
[EventRounds "9"]
[EventCountry "GER"]
[SourceTitle "EXT 2014"]
[Source "ChessBase"]
[SourceDate "2013.11.20"]
[SourceVersion "1"]
[SourceVersionDate "2013.11.20"]
[SourceQuality "1"]

1. Nf3 Nf6 2. g3 d5 3. Bg2 c6 4. 0-0 Bf5 5. d3 h6 6. Nbd2 e6 7. b3 Be7 8. Bb2 0-0 9. Qe1 Bh7 10. e4 a5 11. a3 Nbd7 12. Qe2 Qb6 13. Rab1 Qa6 14. e5 Ne8 15. Ne1 Nc7 16. Kh1 b5 17. f4 Rac8 18. Rc1 a4 19. b4 c5 20. c3 Na8 21. Nc2 Nab6 22. bxc5 Nxc5 23. Nb4 Qa5 24. g4 Nb3 25. Rcd1 Rc7 26. f5 Rfc8 27. Qf3 Bf8 28. Bh3 d4 29. Nxb3 axb3 30. fxe6 dxc3 31. Bxc3 fxe6 32. g5 Bf5 33. Bxf5 exf5 34. Bd4 Bxb4 35. axb4 Qa6 36. gxh6 g6 37. Rg1 Kh7 38. Rxg6 Qa8 39. Qxa8 Nxa8 40. Rgg1 Rc2 41. Rg7+ Kxh6 42. Rdg1 Re2 43. R7g3 1-0

[Event "Leipzig VfB op 20th"]
[Site "Leipzig"]
[Date "2013.03.06"]
[Round "2"]
[White "Jacobi, Robin"]
[Black "Podolnyy, Jakiv"]
[Result "1-0"]
[WhiteElo "2164"]
[BlackElo "1985"]
[PlyCount "71"]
[EventDate "2013.03.05"]
[EventType "swiss"]
[EventRounds "9"]
[EventCountry "GER"]
[SourceTitle "EXT 2014"]
[Source "ChessBase"]
[SourceDate "2013.11.20"]
[SourceVersion "1"]
[SourceVersionDate "2013.11.20"]
[SourceQuality "1"]

1. Nf3 d5 2. b3 c5 3. e3 Nc6 4. Bb5 Bd7 5. Bb2 Nf6 6. 0-0 e6 7. Bxc6 Bxc6 8. Ne5 Bb5 9. c4 Ba6 10. f4 Bd6 11. d3 dxc4 12. bxc4 0-0 13. Nc3 Qc7 14. Ne2 Rad8 15. Ng3 Be7 16. Qe2 b6 17. Ng4 Ne8 18. f5 exf5 19. Nxf5 f6 20. e4 Bc8 21. Nge3 Bd6 22. Nd5 Qf7 23. Rae1 Bxf5 24. Rxf5 Qe6 25. Qf2 Rd7 26. h4 Rdf7 27. h5 Be5 28. h6 g6 29. Rf3 Qd6 30. Rf1 a6 31. Bxe5 Qxe5 32. Nxb6 Rb7 33. Nd5 Rb2 34. Qxc5 Nd6 35. Nxf6+ Qxf6 36. Rxf6 1-0

[Event "Leipzig VfB op 20th"]
[Site "Leipzig"]
[Date "2013.03.06"]
[Round "3"]
[White "Lehmann, Lothar"]
[Black "Jacobi, Robin"]
[Result "0-1"]
[WhiteElo "1922"]
[BlackElo "2164"]
[PlyCount "66"]
[EventDate "2013.03.05"]
[EventType "swiss"]
[EventRounds "9"]
[EventCountry "GER"]
[SourceTitle "EXT 2014"]
[Source "ChessBase"]
[SourceDate "2013.11.20"]
[SourceVersion "1"]
[SourceVersionDate "2013.11.20"]
[SourceQuality "1"]

1. Nf3 Nf6 2. c4 e6 3. g3 a6 4. Bg2 b5 5. b3 Bb7 6. Bb2 Be7 7. 0-0 0-0 8. d3 d5 9. Nbd2 Nbd7 10. Rc1 c5 11. Ne5 Nxe5 12. Bxe5 Qb6 13. Qc2 Nd7 14. Bb2 Rac8 15. Nf3 Bf6 16. Bxf6 Nxf6 17. Rfe1 dxc4 18. bxc4 b4 19. Rb1 a5 20. Ne5 Bxg2 21. Kxg2 Nd7 22. Nxd7 Qc6+ 23. Kg1 Qxd7 24. a3 e5 25. Qb3 Rc6 26. Kg2 Rh6 27. Rh1 Qh3+ 28. Kg1 f5 29. Qd1 f4 30. Qf1 Qd7 31. Ra1 Qd4 32. Ra2 b3 33. Rd2 e4 0-1

[Event "Oberliga Ost-B 1213"]
[Site "Germany"]
[Date "2013.02.24"]
[Round "8.5"]
[White "Reichel, Norbert"]
[Black "Jacobi, Robin"]
[Result "1/2-1/2"]
[WhiteElo "2133"]
[BlackElo "2136"]
[PlyCount "84"]
[EventDate "2012.09.30"]
[EventType "team-tourn"]
[EventRounds "11"]
[EventCountry "GER"]
[SourceTitle "EXT 2014"]
[Source "ChessBase"]
[SourceDate "2013.11.20"]
[SourceVersion "1"]
[SourceVersionDate "2013.11.20"]
[SourceQuality "1"]
[WhiteTeam "Erfurt Medizin"]
[BlackTeam "Erfurt Empor"]
[WhiteTeamCountry "GER"]
[BlackTeamCountry "GER"]

1. c4 Nf6 2. Nc3 e5 3. g3 Nc6 4. Bg2 Bc5 5. e3 d6 6. Nge2 Bg4 7. h3 Bh5 8. Na4 Bb6 9. Nxb6 axb6 10. d3 0-0 11. 0-0 d5 12. g4 Bg6 13. g5 Nd7 14. cxd5 Nb4 15. e4 Nc5 16. Ng3 Nbxd3 17. h4 Nxc1 18. Qxc1 f6 19. Qd2 fxg5 20. hxg5 Rf4 21. f3 Qxg5 22. Ne2 Nxe4 23. Qc1 Ng3 24. Nxf4 exf4 25. Re1 Bd3 26. Qxc7 Ne2+ 27. Rxe2 Bxe2 28. Qxb7 Rf8 29. d6 Qc5+ 30. Kh1 Qxd6 31. Rc1 Qd8 32. Rc7 Qh4+ 33. Kg1 Qe1+ 34. Kh2 Qg3+ 35. Kg1 Qe1+ 36. Kh2 Qg3+ 37. Kg1 Rd8 38. Rc8 Qe1+ 39. Kh2 Qg3+ 40. Kg1 Qe1+ 41. Kh2 Qh4+ 42. Kg1 Qe1+ 1/2-1/2

[Event "Oberliga Ost-B 1213"]
[Site "Germany"]
[Date "2012.12.09"]
[Round "4.5"]
[White "Wohlfart, Paulus"]
[Black "Jacobi, Robin"]
[Result "0-1"]
[WhiteElo "2207"]
[BlackElo "2136"]
[PlyCount "68"]
[EventDate "2012.09.30"]
[EventType "team-tourn"]
[EventRounds "11"]
[EventCountry "GER"]
[SourceTitle "EXT 2014"]
[Source "ChessBase"]
[SourceDate "2013.11.20"]
[SourceVersion "1"]
[SourceVersionDate "2013.11.20"]
[SourceQuality "1"]
[WhiteTeam "Moerlenbach"]
[BlackTeam "Erfurt Empor"]
[WhiteTeamCountry "GER"]
[BlackTeamCountry "GER"]

1. d4 Nf6 2. c4 e6 3. Nc3 Bb4 4. Qc2 d5 5. cxd5 exd5 6. Bg5 h6 7. Bh4 c5 8. dxc5 g5 9. Bg3 Ne4 10. e3 Qa5 11. Nge2 Bf5 12. Bxb8 Rxb8 13. Nd4 Bg6 14. Bb5+ Kf8 15. Bd3 Nxc3 16. bxc3 Bxc3+ 17. Ke2 Bxd3+ 18. Qxd3 Bxa1 19. Rxa1 Qxc5 20. Qf5 Re8 21. Qf6 Rh7 22. Rb1 b6 23. Rb2 Qe7 24. Qf5 Qe4 25. Qf6 Qe5 26. Qc6 f6 27. Rc2 Rhe7 28. Kd1 h5 29. h3 g4 30. hxg4 hxg4 31. g3 Kg7 32. Qb5 Qe4 33. Rc6 Rh8 34. Qb4 Qd3+ 0-1

[Event "Pfalz op 03rd"]
[Site "Neustadt an der Weinstrasse"]
[Date "2012.03.03"]
[Round "7"]
[White "Jacobi, Robin"]
[Black "Brem, Stephan"]
[Result "1/2-1/2"]
[WhiteElo "2022"]
[BlackElo "2116"]
[PlyCount "78"]
[EventDate "2012.02.17"]
[EventType "swiss"]
[EventRounds "9"]
[EventCountry "GER"]
[SourceTitle "EXT 2013"]
[Source "ChessBase"]
[SourceDate "2012.11.22"]
[SourceVersion "1"]
[SourceVersionDate "2012.11.22"]
[SourceQuality "1"]

1. Nf3 f5 2. d3 d6 3. e4 e6 4. Nc3 Nf6 5. g3 fxe4 6. dxe4 Nc6 7. Bg2 e5 8. h3 Be7 9. Be3 0-0 10. Nd2 Qe8 11. Qe2 a6 12. Nb3 Be6 13. Rd1 b5 14. Nd5 Rc8 15. 0-0 Nd8 16. Qd2 Nxd5 17. exd5 Bf5 18. g4 Bd7 19. f4 Nf7 20. Rde1 Qd8 21. Na5 h6 22. Nc6 Bxc6 23. dxc6 g5 24. fxe5 Nxe5 25. Bd5+ Kh8 26. Bd4 Bf6 27. Rf5 Qe7 28. Ref1 Bg7 29. c3 Rxf5 30. Rxf5 Rf8 31. Qf2 Ng6 32. Rxf8+ Nxf8 33. Qe3 Qxe3+ 34. Bxe3 Ng6 35. Kf2 Be5 36. Be4 Ne7 37. Ke2 Kg7 38. Kd3 d5 39. Bf3 Nxc6 1/2-1/2

[Event "Forchheim op 10th"]
[Site "Forchheim"]
[Date "2011.10.09"]
[Round "5"]
[White "Mann, Johannes"]
[Black "Jacobi, Robin"]
[Result "1/2-1/2"]
[WhiteElo "1813"]
[BlackElo "2025"]
[PlyCount "49"]
[EventDate "2011.10.07"]
[EventType "swiss"]
[EventRounds "5"]
[EventCountry "GER"]
[SourceTitle "CBM 144 Extra"]
[Source "ChessBase"]
[SourceDate "2011.10.28"]
[SourceVersion "1"]
[SourceVersionDate "2011.10.28"]
[SourceQuality "1"]

1. e4 c5 2. Nc3 Nc6 3. g3 g6 4. Bg2 Bg7 5. d3 d6 6. f4 Nd4 7. Nge2 Nh6 8. 0-0 f5 9. h3 0-0 10. Nd5 Rb8 11. c3 Nxe2+ 12. Qxe2 e6 13. Ne3 b5 14. Rb1 a5 15. Bd2 Re8 16. exf5 gxf5 17. Nc2 b4 18. d4 Qb6 19. Qf2 Ba6 20. Rfd1 Bd3 21. Be3 Bxc2 22. dxc5 dxc5 23. Qxc2 bxc3 24. bxc3 Qc7 25. Rxb8 1/2-1/2

[Event "Forchheim op 10th"]
[Site "Forchheim"]
[Date "2011.10.07"]
[Round "1"]
[White "Hummel, Thomas1"]
[Black "Jacobi, Robin"]
[Result "0-1"]
[WhiteElo "1918"]
[BlackElo "2025"]
[PlyCount "56"]
[EventDate "2011.10.07"]
[EventType "swiss"]
[EventRounds "5"]
[EventCountry "GER"]
[SourceTitle "CBM 144 Extra"]
[Source "ChessBase"]
[SourceDate "2011.10.28"]
[SourceVersion "1"]
[SourceVersionDate "2011.10.28"]
[SourceQuality "1"]

1. b4 e5 2. Bb2 Bxb4 3. Bxe5 Nf6 4. Nf3 0-0 5. e3 Nc6 6. Bb2 Re8 7. Be2 d5 8. 0-0 Bf5 9. Bb5 Bg4 10. d3 Re6 11. a3 Ba5 12. h3 Bh5 13. d4 Ne4 14. Be2 Bxf3 15. Bxf3 f5 16. Qd3 Ne7 17. Bc3 c6 18. Bxa5 Qxa5 19. Qb3 Qc7 20. Bxe4 fxe4 21. c4 Qd7 22. Nd2 Rf8 23. cxd5 Nxd5 24. Nc4 Rg6 25. Kh2 Rf3 26. g3 Rh6 27. h4 Rxh4+ 28. gxh4 Rh3+ 0-1

[Event "Oberliga Ost-B 1011"]
[Site "Germany"]
[Date "2011.03.20"]
[Round "9.7"]
[White "Jacobi, Robin"]
[Black "Jakob, Matthias"]
[Result "1/2-1/2"]
[WhiteElo "2066"]
[BlackElo "2139"]
[PlyCount "94"]
[EventDate "2010.10.24"]
[EventType "team-tourn"]
[EventRounds "11"]
[EventCountry "GER"]
[SourceTitle "EXT 2012"]
[Source "ChessBase"]
[SourceDate "2011.11.24"]
[SourceVersion "1"]
[SourceVersionDate "2011.11.24"]
[SourceQuality "1"]
[WhiteTeam "Erfurt Empor"]
[BlackTeam "Erfurt Medizin"]
[WhiteTeamCountry "GER"]
[BlackTeamCountry "GER"]

1. Nf3 Nf6 2. g3 g6 3. Bg2 Bg7 4. 0-0 0-0 5. d4 d5 6. c4 c6 7. cxd5 cxd5 8. Nc3 Nc6 9. Ne5 Be6 10. Nxc6 bxc6 11. Na4 Nd7 12. Bf4 Qa5 13. Rc1 Rac8 14. a3 Qb5 15. b4 Bg4 16. f3 Be6 17. Nc5 Nxc5 18. Rxc5 Qa6 19. a4 Bd7 20. e4 Qb6 21. Qd2 Rfd8 22. e5 f6 23. Re1 e6 24. exf6 Bxf6 25. Bh3 Re8 26. Kh1 Be7 27. Be5 Bf8 28. Qg5 Qxb4 29. Rcc1 Qe7 30. Qe3 Bg7 31. Rb1 a5 32. Rb7 Qf7 33. Qc3 Bxe5 34. Rxe5 Rb8 35. Rb3 Rb4 36. Rxb4 axb4 37. Qb3 Qe7 38. Qe3 Qd6 39. f4 Kf7 40. g4 Qb8 41. f5 exf5 42. gxf5 Rxe5 43. dxe5 Bxf5 44. e6+ Ke7 45. Bxf5 gxf5 46. Qg5+ Kxe6 47. Qh6+ Ke5 1/2-1/2

[Event "Forchheim op 9th"]
[Site "Forchheim"]
[Date "2010.10.03"]
[Round "5"]
[White "Nigmatulin, Anatolij"]
[Black "Jacobi, Robin"]
[Result "1/2-1/2"]
[WhiteElo "1981"]
[BlackElo "2066"]
[PlyCount "51"]
[EventDate "2010.10.01"]
[EventType "swiss"]
[EventRounds "5"]
[EventCountry "GER"]
[SourceTitle "CBM 138 Extra"]
[Source "ChessBase"]
[SourceDate "2010.10.29"]
[SourceVersion "1"]
[SourceVersionDate "2010.10.29"]
[SourceQuality "1"]

1. e4 c5 2. Nf3 Nc6 3. Bb5 e6 4. Bxc6 bxc6 5. b3 d6 6. e5 dxe5 7. Nxe5 Qd4 8. Nc4 Qxa1 9. Nc3 Nf6 10. 0-0 Be7 11. Qf3 Nd5 12. Bb2 Qxf1+ 13. Kxf1 0-0 14. Ne4 f6 15. Ba3 Rd8 16. Nxc5 a5 17. d3 e5 18. Na4 Bxa3 19. Nxa3 Nb4 20. Nb6 Ra6 21. Nxc8 Rxc8 22. Qf5 Raa8 23. Qe6+ Kh8 24. Nc4 Re8 25. Qf7 Red8 26. Qe7 1/2-1/2

[Event "Forchheim op 9th"]
[Site "Forchheim"]
[Date "2010.10.02"]
[Round "2"]
[White "Singer, Christoph"]
[Black "Jacobi, Robin"]
[Result "1-0"]
[WhiteElo "2369"]
[BlackElo "2066"]
[PlyCount "93"]
[EventDate "2010.10.01"]
[EventType "swiss"]
[EventRounds "5"]
[EventCountry "GER"]
[SourceTitle "CBM 138 Extra"]
[Source "ChessBase"]
[SourceDate "2010.10.29"]
[SourceVersion "1"]
[SourceVersionDate "2010.10.29"]
[SourceQuality "1"]

1. e4 c5 2. Nf3 Nc6 3. Bb5 e6 4. 0-0 Nge7 5. Re1 a6 6. Bf1 d5 7. exd5 Nxd5 8. d4 Be7 9. dxc5 Bxc5 10. c4 Nf6 11. Qxd8+ Nxd8 12. a3 Be7 13. Nc3 Bd7 14. Ne5 Nc6 15. Nxd7 Nxd7 16. Bf4 0-0 17. Rad1 Nf6 18. b4 Rac8 19. Bd6 Bxd6 20. Rxd6 Rfd8 21. Red1 Rxd6 22. Rxd6 Rd8 23. Rxd8+ Nxd8 24. Be2 Kf8 25. f4 Ke7 26. c5 Nd5 27. Nxd5+ exd5 28. Kf2 Kd7 29. Ke3 Nc6 30. Bg4+ Kc7 31. Bf3 Ne7 32. Kd4 Kc6 33. Bg4 h6 34. a4 b6 35. cxb6 Kxb6 36. Bf3 Nc6+ 37. Kc3 Ne7 38. a5+ Kb7 39. Kd4 Kc6 40. Be2 Nf5+ 41. Ke5 Ne3 42. Bxa6 Nxg2 43. b5+ Kc7 44. b6+ Kc6 45. Bb5+ Kb7 46. Kd6 Nxf4 47. Bc6+ 1-0